<?xml version="1.0" encoding="UTF-8"?>
<record
    xmlns:xsi="http://www.w3.org/2001/XMLSchema-instance"
    xsi:schemaLocation="http://www.loc.gov/MARC21/slim http://www.loc.gov/standards/marcxml/schema/MARC21slim.xsd"
    xmlns="http://www.loc.gov/MARC21/slim">

  <leader>03274nam a22003737a 4500</leader>
  <controlfield tag="005">20100903104128.0</controlfield>
  <controlfield tag="008">100903t        xxu||||| |||| 00| 0 hin d</controlfield>
  <datafield tag="010" ind1=" " ind2=" ">
    <subfield code="a">HIN-90343 B-437029-037</subfield>
  </datafield>
  <datafield tag="020" ind1=" " ind2=" ">
    <subfield code="c">150.00</subfield>
    <subfield code="a">9788183333436</subfield>
  </datafield>
  <datafield tag="035" ind1=" " ind2=" ">
    <subfield code="a">HN-62689  B-437029-037</subfield>
  </datafield>
  <datafield tag="037" ind1=" " ind2=" ">
    <subfield code="b">DBAD / PUB</subfield>
  </datafield>
  <datafield tag="037" ind1=" " ind2=" ">
    <subfield code="b">RB/Ven</subfield>
  </datafield>
  <datafield tag="040" ind1=" " ind2=" ">
    <subfield code="a">DPL</subfield>
    <subfield code="b">HN</subfield>
  </datafield>
  <datafield tag="082" ind1=" " ind2=" ">
    <subfield code="a">621.3</subfield>
  </datafield>
  <datafield tag="100" ind1=" " ind2=" ">
    <subfield code="a">&#x932;&#x94B;&#x91F;&#x93F;&#x92F;&#x93E;, &#x92E;&#x928;&#x939;&#x930;</subfield>
    <subfield code="9">18016</subfield>
  </datafield>
  <datafield tag="245" ind1=" " ind2=" ">
    <subfield code="a">&#x92E;&#x949;&#x930;&#x94D;&#x921;&#x928; L.E.D.&#x92A;&#x94D;&#x930;&#x94B;&#x91C;&#x947;&#x915;&#x94D;&#x91F;&#x94D;&#x938; /</subfield>
    <subfield code="c">&#x92E;&#x928;&#x939;&#x930; &#x932;&#x94B;&#x91F;&#x93F;&#x92F;&#x93E; &#x90F;&#x935;&#x902; &#x936;&#x948;&#x932;&#x947;&#x937; &#x91F;&#x93E;&#x902;&#x915;</subfield>
  </datafield>
  <datafield tag="260" ind1=" " ind2=" ">
    <subfield code="a">&#x928;&#x908; &#x926;&#x93F;&#x932;&#x94D;&#x932;&#x940;</subfield>
    <subfield code="b">&#x92C;&#x940;.&#x92A;&#x940;.&#x92C;&#x940;.&#x92A;&#x92C;&#x94D;&#x932;&#x93F;&#x915;&#x947;&#x936;&#x902;&#x938;</subfield>
    <subfield code="c">2010</subfield>
  </datafield>
  <datafield tag="270" ind1=" " ind2=" ">
    <subfield code="a">&#x92C;&#x940;-14, &#x915;&#x928;&#x93E;&#x91F; &#x92A;&#x94D;&#x932;&#x947;&#x938;</subfield>
    <subfield code="b">&#x928;&#x908; &#x926;&#x93F;&#x932;&#x94D;&#x932;&#x940;</subfield>
    <subfield code="e">110001</subfield>
    <subfield code="k">23325760, 23723393</subfield>
  </datafield>
  <datafield tag="300" ind1=" " ind2=" ">
    <subfield code="a">180&#x92A;&#x943;.</subfield>
    <subfield code="c">25&#x938;&#x947;&#x92E;&#x940; (&#x905;&#x91C;&#x93F;&#x932;&#x94D;&#x926;)</subfield>
  </datafield>
  <datafield tag="650" ind1=" " ind2=" ">
    <subfield code="9">18017</subfield>
  </datafield>
  <datafield tag="700" ind1=" " ind2=" ">
    <subfield code="a">&#x91F;&#x93E;&#x902;&#x915;, &#x936;&#x948;&#x932;&#x947;&#x937;</subfield>
    <subfield code="9">18071</subfield>
  </datafield>
  <datafield tag="942" ind1=" " ind2=" ">
    <subfield code="2">ddc</subfield>
    <subfield code="c">HN</subfield>
    <subfield code="m">&#x932;&#x94B;&#x91F;&#x93F;&#x92F;&#x93E;</subfield>
    <subfield code="h">621.3</subfield>
  </datafield>
  <datafield tag="999" ind1=" " ind2=" ">
    <subfield code="c">43534</subfield>
    <subfield code="d">43534</subfield>
  </datafield>
  <datafield tag="952" ind1=" " ind2=" ">
    <subfield code="0">0</subfield>
    <subfield code="1">0</subfield>
    <subfield code="2">ddc</subfield>
    <subfield code="4">0</subfield>
    <subfield code="7">1</subfield>
    <subfield code="8">NFIC</subfield>
    <subfield code="a">DBAD</subfield>
    <subfield code="b">DBAD</subfield>
    <subfield code="d">2010-09-03</subfield>
    <subfield code="e">DBAD / PUB</subfield>
    <subfield code="g">99.00</subfield>
    <subfield code="l">0</subfield>
    <subfield code="o">621.3 &#x932;&#x94B;&#x91F;&#x93F;&#x92F;&#x93E;</subfield>
    <subfield code="p">HN-62689</subfield>
    <subfield code="r">2010-09-03 00:00:00</subfield>
    <subfield code="t">1</subfield>
    <subfield code="v">99.00</subfield>
    <subfield code="w">2010-09-03</subfield>
    <subfield code="y">HN</subfield>
  </datafield>
  <datafield tag="952" ind1=" " ind2=" ">
    <subfield code="0">0</subfield>
    <subfield code="1">0</subfield>
    <subfield code="2">ddc</subfield>
    <subfield code="4">0</subfield>
    <subfield code="7">0</subfield>
    <subfield code="8">NFIC</subfield>
    <subfield code="a">L</subfield>
    <subfield code="b">L</subfield>
    <subfield code="d">2011-06-10</subfield>
    <subfield code="e">RBC/22542/25.3.11/82/15.3.11/31.3.11</subfield>
    <subfield code="g">150.00</subfield>
    <subfield code="l">0</subfield>
    <subfield code="o">621.3 &#x932;&#x94B;&#x91F;&#x93F;&#x92F;&#x93E;</subfield>
    <subfield code="p">B-437029</subfield>
    <subfield code="r">2011-06-10 00:00:00</subfield>
    <subfield code="t">1</subfield>
    <subfield code="v">150.00</subfield>
    <subfield code="y">HN</subfield>
  </datafield>
  <datafield tag="952" ind1=" " ind2=" ">
    <subfield code="0">0</subfield>
    <subfield code="1">0</subfield>
    <subfield code="2">ddc</subfield>
    <subfield code="4">0</subfield>
    <subfield code="7">0</subfield>
    <subfield code="8">NFIC</subfield>
    <subfield code="a">M</subfield>
    <subfield code="b">M</subfield>
    <subfield code="d">2011-06-10</subfield>
    <subfield code="e">RBC/22542/25.3.11/82/15.3.11/31.3.11</subfield>
    <subfield code="g">150.00</subfield>
    <subfield code="l">0</subfield>
    <subfield code="o">621.3 &#x932;&#x94B;&#x91F;&#x93F;&#x92F;&#x93E;</subfield>
    <subfield code="p">B-437030</subfield>
    <subfield code="r">2011-06-10 00:00:00</subfield>
    <subfield code="t">5</subfield>
    <subfield code="v">150.00</subfield>
    <subfield code="y">HN</subfield>
  </datafield>
  <datafield tag="952" ind1=" " ind2=" ">
    <subfield code="0">0</subfield>
    <subfield code="1">0</subfield>
    <subfield code="2">ddc</subfield>
    <subfield code="4">0</subfield>
    <subfield code="7">0</subfield>
    <subfield code="8">NFIC</subfield>
    <subfield code="a">M</subfield>
    <subfield code="b">M</subfield>
    <subfield code="d">2011-06-10</subfield>
    <subfield code="e">RBC/22542/25.3.11/82/15.3.11/31.3.11</subfield>
    <subfield code="g">150.00</subfield>
    <subfield code="l">0</subfield>
    <subfield code="o">621.3 &#x932;&#x94B;&#x91F;&#x93F;&#x92F;&#x93E;</subfield>
    <subfield code="p">B-437031</subfield>
    <subfield code="r">2011-06-10 00:00:00</subfield>
    <subfield code="t">5</subfield>
    <subfield code="v">150.00</subfield>
    <subfield code="y">HN</subfield>
  </datafield>
  <datafield tag="952" ind1=" " ind2=" ">
    <subfield code="0">0</subfield>
    <subfield code="1">0</subfield>
    <subfield code="2">ddc</subfield>
    <subfield code="4">0</subfield>
    <subfield code="7">0</subfield>
    <subfield code="8">NFIC</subfield>
    <subfield code="a">M</subfield>
    <subfield code="b">M</subfield>
    <subfield code="d">2011-06-10</subfield>
    <subfield code="e">RBC/22542/25.3.11/82/15.3.11/31.3.11</subfield>
    <subfield code="g">150.00</subfield>
    <subfield code="l">0</subfield>
    <subfield code="o">621.3 &#x932;&#x94B;&#x91F;&#x93F;&#x92F;&#x93E;</subfield>
    <subfield code="p">B-437032</subfield>
    <subfield code="r">2011-06-10 00:00:00</subfield>
    <subfield code="t">5</subfield>
    <subfield code="v">150.00</subfield>
    <subfield code="y">HN</subfield>
  </datafield>
  <datafield tag="952" ind1=" " ind2=" ">
    <subfield code="0">0</subfield>
    <subfield code="1">0</subfield>
    <subfield code="2">ddc</subfield>
    <subfield code="4">0</subfield>
    <subfield code="7">0</subfield>
    <subfield code="8">NFIC</subfield>
    <subfield code="a">M</subfield>
    <subfield code="b">M</subfield>
    <subfield code="d">2011-06-10</subfield>
    <subfield code="e">RBC/22542/25.3.11/82/15.3.11/31.3.11</subfield>
    <subfield code="g">150.00</subfield>
    <subfield code="l">0</subfield>
    <subfield code="o">621.3 &#x932;&#x94B;&#x91F;&#x93F;&#x92F;&#x93E;</subfield>
    <subfield code="p">B-437033</subfield>
    <subfield code="r">2011-06-10 00:00:00</subfield>
    <subfield code="t">5</subfield>
    <subfield code="v">150.00</subfield>
    <subfield code="y">HN</subfield>
  </datafield>
  <datafield tag="952" ind1=" " ind2=" ">
    <subfield code="0">0</subfield>
    <subfield code="1">5</subfield>
    <subfield code="2">ddc</subfield>
    <subfield code="4">0</subfield>
    <subfield code="7">0</subfield>
    <subfield code="8">NFIC</subfield>
    <subfield code="a">M</subfield>
    <subfield code="b">M</subfield>
    <subfield code="d">2011-06-10</subfield>
    <subfield code="e">RBC/22542/25.3.11/82/15.3.11/31.3.11</subfield>
    <subfield code="g">150.00</subfield>
    <subfield code="l">0</subfield>
    <subfield code="o">621.3 &#x932;&#x94B;&#x91F;&#x93F;&#x92F;&#x93E;</subfield>
    <subfield code="p">B-437034</subfield>
    <subfield code="r">2011-06-10 00:00:00</subfield>
    <subfield code="t">5</subfield>
    <subfield code="v">150.00</subfield>
    <subfield code="y">HN</subfield>
  </datafield>
  <datafield tag="952" ind1=" " ind2=" ">
    <subfield code="0">0</subfield>
    <subfield code="1">0</subfield>
    <subfield code="2">ddc</subfield>
    <subfield code="4">0</subfield>
    <subfield code="7">0</subfield>
    <subfield code="8">NFIC</subfield>
    <subfield code="a">BL4</subfield>
    <subfield code="b">BL4</subfield>
    <subfield code="d">2011-06-10</subfield>
    <subfield code="e">RBC/22542/25.3.11/82/15.3.11/31.3.11</subfield>
    <subfield code="g">150.00</subfield>
    <subfield code="l">0</subfield>
    <subfield code="o">621.3 &#x932;&#x94B;&#x91F;&#x93F;&#x92F;&#x93E;</subfield>
    <subfield code="p">B-437035</subfield>
    <subfield code="r">2011-06-10 00:00:00</subfield>
    <subfield code="t">1</subfield>
    <subfield code="v">150.00</subfield>
    <subfield code="y">HN</subfield>
  </datafield>
  <datafield tag="952" ind1=" " ind2=" ">
    <subfield code="0">0</subfield>
    <subfield code="1">5</subfield>
    <subfield code="2">ddc</subfield>
    <subfield code="4">0</subfield>
    <subfield code="7">0</subfield>
    <subfield code="8">NFIC</subfield>
    <subfield code="a">RC4</subfield>
    <subfield code="b">RC4</subfield>
    <subfield code="d">2011-06-10</subfield>
    <subfield code="e">RBC/22542/25.3.11/82/15.3.11/31.3.11</subfield>
    <subfield code="g">150.00</subfield>
    <subfield code="l">0</subfield>
    <subfield code="o">621.3 &#x932;&#x94B;&#x91F;&#x93F;&#x92F;&#x93E;</subfield>
    <subfield code="p">B-437036</subfield>
    <subfield code="r">2011-06-10 00:00:00</subfield>
    <subfield code="t">2</subfield>
    <subfield code="v">150.00</subfield>
    <subfield code="y">HN</subfield>
  </datafield>
  <datafield tag="952" ind1=" " ind2=" ">
    <subfield code="0">0</subfield>
    <subfield code="1">0</subfield>
    <subfield code="2">ddc</subfield>
    <subfield code="4">0</subfield>
    <subfield code="7">0</subfield>
    <subfield code="8">NFIC</subfield>
    <subfield code="a">RC4</subfield>
    <subfield code="b">RC4</subfield>
    <subfield code="d">2011-06-10</subfield>
    <subfield code="e">RBC/22542/25.3.11/82/15.3.11/31.3.11</subfield>
    <subfield code="g">150.00</subfield>
    <subfield code="l">0</subfield>
    <subfield code="o">621.3 &#x932;&#x94B;&#x91F;&#x93F;&#x92F;&#x93E;</subfield>
    <subfield code="p">B-437037</subfield>
    <subfield code="r">2011-06-10 00:00:00</subfield>
    <subfield code="t">2</subfield>
    <subfield code="v">150.00</subfield>
    <subfield code="y">HN</subfield>
  </datafield>
</record>
